History Quiz

Random History or Clickable Quiz

Reaper5s's chapter 10 history Quiz Stats

 Plays Quiz not verified by Sporcle

Also try: Nobel Peace Prize
Challenge
Share
Tweet
Embed
Score 0/16 Timer 10:00
0 Plays Today
% Correct
interstate commerce
83.3%
1829-1837
83.3%
Choctaw, Chickasaw,Creek
83.3%
Christianity
83.3%
John Quincy Adams
66.7%
suffrage
66.7%
caucus
66.7%
Trail Of Tears
50%
% Correct
Andrew Jackson
50%
contract
50%
Toyota supra
50%
about 100000
50%
the election of 1824
50%
Spain
33.3%
ceded
33.3%
1837
16.7%

You're not logged in!

Compare scores with friends on all Sporcle quizzes.
Join for Free
OR
Log In

You Might Also Like...

Show Comments

Extras

Created Mar 15, 2013ReportNominate
Tags:Clickable Quiz, chapter, reaper

Top Quizzes Today


Score Distribution

Your Account Isn't Verified!

In order to create a playlist on Sporcle, you need to verify the email address you used during registration. Go to your Sporcle Settings to finish the process.

Report this User

Report this user for behavior that violates our Community Guidelines.

Details: